| 000 | 00344nam a2200133Ia 4500 | ||
|---|---|---|---|
| 008 | 210210b1964 xxu||||| |||| 00| 0 eng d | ||
| 082 | _a040/99 | ||
| 100 | _aHANSEN (Harry). Ed. | ||
| 245 | _aWorld Almanac 1964 and book of facts. | ||
| 260 |
_aNew York _bNew York World- Telegram _c1964 |
||
| 300 | _a896 | ||
| 690 | _aSerials | ||
| 906 | _a000309 | ||
| 999 |
_c76824 _d76824 |
||